[Event "DOM-ch (Women)"]
[Site "Santo Domingo"]
[Date "2021.04.17"]
[Round "6"]
[White "Joaquin Salcedo, Candida"]
[Black "Munoz Bonifacio, Elena Julia"]
[Result "1-0"]
[WhiteElo "1582"]
[BlackElo "1304"]
[PlyCount "133"]
[EventDate "2021.04.09"]
[EventType "swiss"]
[EventRounds "8"]
[EventCountry "DOM"]
[SourceTitle "CBM 202 Extra"]
[Source "ChessBase"]
[SourceDate "2021.07.31"]
[SourceVersion "1"]
[SourceVersionDate "2021.07.31"]
[SourceQuality "1"]

1. d4 d5 2. Nf3 Nc6 3. c3 Nf6 4. e3 Bg4 5. Be2 Bxf3 6. Bxf3 e6 7. 0-0 Bd6 8. Nd2 0-0 9. Re1 Re8 10. e4 e5 11. exd5 Na5 12. dxe5 Bxe5 13. c4 c6 14. Rxe5 Rxe5 15. b4 Qe8 16. Bb2 Re7 17. bxa5 cxd5 18. cxd5 Rd8 19. Bxf6 gxf6 20. Qc2 Rc8 21. Qf5 Re1+ 22. Rxe1 Qxe1+ 23. Nf1 Rc1 24. Qd3 Rc3 25. Qe2 Qxe2 26. Bxe2 Ra3 27. Bc4 Rxa5 28. Ne3 b5 29. Bb3 Ra6 30. Kf1 Rb6 31. Ke2 a5 32. Kd3 a4 33. Bc2 Kg7 34. Kd4 Kf8 35. Bxh7 b4 36. Nc4 Rb5 37. h4 b3 38. axb3 axb3 39. Nb2 Rb4+ 40. Kc3 Rxh4 41. Bf5 Rf4 42. g4 Rf3+ 43. Nd3 Ke7 44. Kxb3 Kd6 45. Kc4 Kc7 46. Kc5 Kd8 47. d6 Rh3 48. d7 Rh1 49. Nb4 Kc7 50. Nd5+ Kd8 51. Nxf6 Rc1+ 52. Kd4 Rd1+ 53. Ke5 Rd2 54. f3 Re2+ 55. Kf4 Ke7 56. Nd5+ Kd8 57. Kg5 Rd2 58. Nb4 Rd6 59. Nd3 Ke7 60. Kf4 f6 61. Nc5 Rb6 62. Be4 Rb5 63. Nb7 Kxd7 64. Kg3 Ke6 65. f4 Rb3+ 66. Bf3 f5 67. Nc5+ 1-0

[Event "DOM-ch (Women)"]
[Site "Santo Domingo"]
[Date "2019.03.03"]
[Round "4"]
[White "Pachano Hernandez, Altagracia Maria"]
[Black "Joaquin Salcedo, Candida"]
[Result "0-1"]
[WhiteElo "1638"]
[BlackElo "1577"]
[PlyCount "48"]
[EventDate "2019.03.01"]
[EventType "swiss"]
[EventRounds "8"]
[EventCountry "DOM"]
[SourceTitle "CBM 189 Extra"]
[Source "ChessBase"]
[SourceDate "2019.06.03"]
[SourceVersion "1"]
[SourceVersionDate "2019.06.03"]
[SourceQuality "1"]

1. d4 d5 2. e3 Bf5 3. f4 c6 4. Nf3 Nf6 5. Nc3 e6 6. a3 c5 7. Ne5 Nc6 8. Bb5 Rc8 9. 0-0 Be7 10. Bd2 0-0 11. Bxc6 bxc6 12. Be1 cxd4 13. exd4 c5 14. Bf2 Nd7 15. Nb5 Nxe5 16. dxe5 a6 17. Nc3 f6 18. Bg3 d4 19. Nb1 c4 20. c3 d3 21. Nd2 Qb6+ 22. Bf2 Qxb2 23. Qc1 Qb8 24. exf6 Bxf6 0-1

[Event "DOM-ch (Women)"]
[Site "Santo Domingo"]
[Date "2016.04.02"]
[Round "6"]
[White "Cruz Tatis, Nalleli Madeni"]
[Black "Joaquin Salcedo, Candida"]
[Result "0-1"]
[WhiteElo "1530"]
[BlackElo "1644"]
[PlyCount "42"]
[EventDate "2016.03.18"]
[EventType "swiss"]
[EventRounds "8"]
[EventCountry "DOM"]
[SourceTitle "CBM 171 Extra"]
[Source "ChessBase"]
[SourceDate "2016.04.26"]
[SourceVersion "1"]
[SourceVersionDate "2016.04.26"]
[SourceQuality "1"]

1. e4 e6 2. c4 c5 3. Nc3 Nc6 4. Nf3 a6 5. Be2 Qc7 6. 0-0 Nf6 7. d3 Be7 8. Be3 b6 9. Qd2 Bb7 10. a3 Rc8 11. Bf4 d6 12. Bg3 0-0 13. Qe3 Qd8 14. Rad1 Ng4 15. Qf4 Nge5 16. Bh4 Nxf3+ 17. Bxf3 Bxh4 18. g3 Bg5 19. Qg4 Ne5 20. Qh3 Nxf3+ 21. Kh1 Qf6 0-1

[Event "DOM-ch (Women)"]
[Site "Santo Domingo"]
[Date "2016.03.20"]
[Round "4"]
[White "Castillo Pena, Patricia Evarista"]
[Black "Joaquin Salcedo, Candida"]
[Result "1-0"]
[WhiteElo "1727"]
[BlackElo "1644"]
[PlyCount "143"]
[EventDate "2016.03.18"]
[EventType "swiss"]
[EventRounds "8"]
[EventCountry "DOM"]
[SourceTitle "CBM 171 Extra"]
[Source "ChessBase"]
[SourceDate "2016.04.26"]
[SourceVersion "1"]
[SourceVersionDate "2016.04.26"]
[SourceQuality "1"]

1. e4 e6 2. d4 d5 3. exd5 exd5 4. c4 Nf6 5. Nc3 Be6 6. Nf3 Be7 7. Be2 Nbd7 8. Ng5 Bf5 9. 0-0 c6 10. Qb3 Nb6 11. Rd1 dxc4 12. Bxc4 Nxc4 13. Qxc4 0-0 14. h3 Bd6 15. Be3 Qd7 16. d5 c5 17. Rac1 a6 18. a4 Rac8 19. a5 Rfe8 20. Na4 Qd8 21. Nb6 Rc7 22. Qb3 Ne4 23. Nxe4 Bxe4 24. Nc4 Qf6 25. Nxd6 Qxd6 26. f3 Bf5 27. Bf2 Re2 28. Qb6 Qd7 29. Bg3 Rc8 30. Rxc5 Rxc5 31. Qxc5 Rxb2 32. Re1 h6 33. Qd6 Qc8 34. Qc7 Qxc7 35. Bxc7 Rb1 36. Rxb1 Bxb1 37. Kf2 Kf8 38. Ke3 Ke7 39. Kd4 Kd7 40. Bb6 Bc2 41. h4 Bd1 42. f4 f6 43. Bc5 g6 44. Bf8 h5 45. Kc5 Bg4 46. Kb6 Kc8 47. Kc5 Bd7 48. Kd6 Be8 49. Ke7 Bd7 50. Kxf6 Bf5 51. Bd6 Kd7 52. Bc5 Be4 53. g3 Bf5 54. Ke5 Ke8 55. Kd6 Kd8 56. Bd4 Kc8 57. Bb6 Bg4 58. Ke7 Bf5 59. d6 Bg4 60. Kf6 Bf5 61. g4 Bxg4 62. Kxg6 Kd7 63. Bc7 Ke6 64. f5+ Bxf5+ 65. Kxh5 Kf6 66. Bd8+ Kf7 67. Kg5 Bd7 68. h5 Kg7 69. Bf6+ Kh7 70. Bd4 Bc6 71. Kf6 Kh6 72. Ke7 1-0